Statistics for Guess the Taylor Swift Song (no hints) 122

Click here to take the quiz!

General Stats

  • This quiz has been taken 36 times
  • The average score is 260 of 339

Answer Stats

Answer% Correct
I
100%
The
100%
the
100%
a
97%
me
97%
You
97%
you
97%
you?
97%
And
93%
and
93%
Is
93%
is
93%
it
93%
"It
93%
love
93%
Love
93%
then
93%
all
90%
be
90%
But
90%
(Do
90%
"Do
90%
(If
90%
if
90%
In
90%
in
90%
my
90%
us
90%
us)
90%
at
87%
for
87%
I'm
87%
It's
87%
that
87%
this
87%
your
87%
you're
87%
You're
87%
as
83%
I'll
83%
know
83%
never
83%
of
83%
on
83%
to
83%
up)
83%
up
83%
What
83%
not
80%
said,
80%
they
80%
They
80%
think
80%
with
80%
Got
77%
well
77%
We'll
77%
might
73%
need
73%
there
73%
time
73%
you'll
73%
bed)
70%
bed
70%
head
70%
head)
70%
(Lookin'
70%
lookin'
70%
over
70%
(Over
70%
was
70%
went
70%
call
67%
dressed
67%
forget
67%
gonna
67%
he's
67%
him,
67%
pay
67%
price,
67%
(Slut)
67%
slut
67%
slut)
67%
straight
67%
(Straight
67%
worth
67%
(Worth
67%
boys,
63%
down,
63%
(Drunk)
63%
drunk
63%
knows
63%
lovesick
63%
once
63%
once)
63%
place
63%
right
63%
struck,
63%
won't
63%
break
60%
wet
60%
wrong
60%
Aquamarine,
57%
cement
57%
Clink,
57%
clink,
57%
clothes
57%
going
57%
moonlit
57%
nobody
57%
pool
57%
swimmin'
57%
being
53%
Everyone
53%
Flamingo
53%
guess
53%
pink,
53%
pullin'
53%
smoke
53%
wants
53%
world
53%
Boulevard
50%
crime
50%
face"
50%
gentleman
50%
Handprints
50%
mid-air
50%
pretty
50%
sticks
50%
stones
50%
Sunrise
50%
thorns
50%
waitin'
50%
young
50%
art
47%
awake,
47%
blow
47%
froze
47%
light,
47%
Lovelorn
47%
mistake,
47%
rose
47%
sayin'
47%
takin'
47%
throw
47%
anyway)
43%
anyway"
43%
asleep,
43%
big
43%
code,
43%
Half
43%
luxury
43%
neon
43%
saying,
43%
Send
43%
tangerine,
43%
Adorned
40%
chances
40%

Score Distribution

Percentile by Number Answered

Percent of People with Each Score

Your Score History

You have not taken this quiz